000 00692nam a2200169 4500
003 LK-CoMWRAF
005 20231214221300.0
008 231214b |||||||| |||| 00| 0 eng d
040 _aLK-CoMWRAF
_dLK-CoMWRAF
_eLK-CoMWRAF
041 _asin
082 _a340
_bSAM
100 _aසමරසිංහ, පියුමි කුමාරි
245 _aවැඩිහිටියන් සඳහා නීති ආධාර ලබාදීමේ ව්‍යාපෘතිය
246 _aeadihitiyan sandaha neethi adhara labadeeme wyapruthiya
260 _aකොළඹ :
_bශ්‍රී ලංකා නීති ආධාර කොමිෂන් සභාව
_c2010
942 _cBK
999 _c4472
_d4472